[Event "43. Olimpiada Batumi 2018 Femenina"]
[Site "Batumi GEO"]
[Date "2018.09.27"]
[Round "4.3"]
[White "Zarate Oyague, Flor De Maria"]
[Black "Gabriel, Irineia G"]
[Result "1-0"]
[WhiteElo "2039"]
[BlackElo "1652"]
[PlyCount "39"]
[EventDate "2018.09.24"]
[EventType "team-swiss"]
[EventRounds "11"]
[EventCountry "GEO"]
[SourceTitle "Ajedrez en Madrid"]
[Source "lmi"]
[SourceDate "2018.09.24"]
[WhiteTeam "Peru"]
[BlackTeam "Angola"]
[WhiteTeamCountry "PER"]
[BlackTeamCountry "ANG"]

1. d4 g6 2. e4 Bg7 3. Nc3 d6 4. Be3 Nd7 5. Qd2 a6 6. h4 h5 7. Nh3 b5 8. Ng5 Bb7
9. f3 Ngf6 10. a3 Rc8 11. Be2 c6 12. O-O e5 13. f4 Ng4 14. Bxg4 hxg4 15. fxe5
dxe5 16. Nxf7 Qxh4 17. Nd6+ Ke7 18. Bg5+ Kxd6 19. dxe5+ Ke6 20. Qd6# 1-0

[Event "43. Olimpiada Batumi 2018 Femenina"]
[Site "Batumi GEO"]
[Date "2018.09.27"]
[Round "4.4"]
[White "Joao, Delfina"]
[Black "Caballero Quijano, Mitzy Mishell"]
[Result "0-1"]
[WhiteElo "1556"]
[BlackElo "2034"]
[PlyCount "78"]
[EventDate "2018.09.24"]
[EventType "team-swiss"]
[EventRounds "11"]
[EventCountry "GEO"]
[SourceTitle "Ajedrez en Madrid"]
[Source "lmi"]
[SourceDate "2018.09.24"]
[WhiteTeam "Angola"]
[BlackTeam "Peru"]
[WhiteTeamCountry "ANG"]
[BlackTeamCountry "PER"]

1. e4 e6 2. d4 d5 3. exd5 exd5 4. Bd3 Nc6 5. c3 Bd6 6. h3 Nge7 7. Qf3 Be6 8.
Ne2 Qd7 9. Bf4 Bf5 10. Bxd6 Bxd3 11. Qxd3 Qxd6 12. Qg3 Qxg3 13. Nxg3 O-O 14.
O-O a5 15. Nd2 a4 16. b3 Nc8 17. b4 Nd6 18. Rfe1 Rfe8 19. Re3 Na7 20. Rc1 Nab5
21. Kf1 f5 22. Re5 c6 23. Ke2 f4 24. Nh5 Rf8 25. Kf3 h6 26. h4 Nf5 27. Nxf4
Nxh4+ 28. Kg3 Nf5+ 29. Kg4 Nfd6 30. f3 Rf6 31. Re7 Raf8 32. Nh5 R6f7 33. Rxf7
Rxf7 34. Nb1 Re7 35. Rc2 Nc4 36. Kg3 Re1 37. Nd2 Re2 38. Nxc4 Rxc2 39. Na5 Nxc3
0-1

[Event "43. Olimpiada Batumi 2018 Femenina"]
[Site "Batumi GEO"]
[Date "2018.09.27"]
[Round "4.1"]
[White "Eynula, Roza"]
[Black "Nazarova, Anastasia"]
[Result "1/2-1/2"]
[WhiteElo "2030"]
[BlackElo "2029"]
[PlyCount "65"]
[EventDate "2018.09.24"]
[EventType "team-swiss"]
[EventRounds "11"]
[EventCountry "GEO"]
[SourceTitle "Ajedrez en Madrid"]
[Source "lmi"]
[SourceDate "2018.09.24"]
[WhiteTeam "South Korea"]
[BlackTeam "Finland"]
[BlackTeamCountry "FIN"]

1. d4 d5 2. c4 e6 3. Nc3 Nf6 4. Bg5 Be7 5. e3 h6 6. Bh4 O-O 7. Nf3 b6 8. Rc1
Bb7 9. cxd5 exd5 10. Bd3 Nbd7 11. O-O Re8 12. Bb1 Ne4 13. Bg3 Nxg3 14. hxg3 a6
15. Qc2 Nf6 16. Ne5 Bd6 17. f4 Ne4 18. Nxe4 dxe4 19. Qc4 Qe7 20. a4 Rad8 21.
Ba2 Bxe5 22. fxe5 Bd5 23. Qxd5 Rxd5 24. Bxd5 Rf8 25. Rxf7 Rxf7 26. Rf1 c6 27.
Bxf7+ Qxf7 28. Rxf7 Kxf7 29. a5 b5 30. Kf2 Ke6 31. Ke2 b4 32. Kd2 c5 33. b3
1/2-1/2

[Event "43. Olimpiada Batumi 2018 Femenina"]
[Site "Batumi GEO"]
[Date "2018.09.27"]
[Round "4.2"]
[White "Puuska, Heini"]
[Black "Lee, Seyeon"]
[Result "1-0"]
[WhiteElo "1961"]
[BlackElo "1727"]
[PlyCount "101"]
[EventDate "2018.09.24"]
[EventType "team-swiss"]
[EventRounds "11"]
[EventCountry "GEO"]
[SourceTitle "Ajedrez en Madrid"]
[Source "lmi"]
[SourceDate "2018.09.24"]
[WhiteTeam "Finland"]
[BlackTeam "South Korea"]
[WhiteTeamCountry "FIN"]

1. d4 d5 2. c4 e6 3. Nc3 Nf6 4. cxd5 exd5 5. Bg5 c6 6. e3 Bd6 7. Bd3 Nbd7 8.
Nge2 b6 9. O-O O-O 10. h3 Re8 11. Rc1 Bb7 12. a3 Rc8 13. Bf4 Bxf4 14. Nxf4 Ne4
15. Nxe4 dxe4 16. Bc4 Nf6 17. Qb3 Qe7 18. Rc3 Red8 19. Qa2 Rd6 20. b4 g5 21.
Ne2 Nd5 22. Bxd5 cxd5 23. Rxc8+ Bxc8 24. Rc1 Ba6 25. Ng3 Qd7 26. Qc2 Qe6 27.
Qc7 Rd7 28. Qb8+ Kg7 29. Nh5+ Kg6 30. Ng3 Bc4 31. Qg8+ Kh6 32. Qc8 f5 33. Nf1
Re7 34. Qf8+ Kg6 35. Nh2 Qf7 36. Qd8 Rd7 37. Qa8 Qe7 38. Qb8 Rd8 39. Qg3 Kf7
40. f3 h6 41. fxe4 Qxe4 42. Re1 Re8 43. Nf3 Kg7 44. h4 g4 45. Ne5 Re7 46. h5 b5
47. Ng6 Rd7 48. Qb8 Kf6 49. Qf8+ Kg5 50. Ne5 Rc7 51. Qd8+ 1-0

[Event "43. Olimpiada Batumi 2018 Femenina"]
[Site "Batumi GEO"]
[Date "2018.09.27"]
[Round "4.3"]
[White "Park, Sunwoo"]
[Black "Norlamo, Sarabella"]
[Result "0-1"]
[WhiteElo "1793"]
[BlackElo "1874"]
[PlyCount "70"]
[EventDate "2018.09.24"]
[EventType "team-swiss"]
[EventRounds "11"]
[EventCountry "GEO"]
[SourceTitle "Ajedrez en Madrid"]
[Source "lmi"]
[SourceDate "2018.09.24"]
[WhiteTeam "South Korea"]
[BlackTeam "Finland"]
[BlackTeamCountry "FIN"]

1. e4 c5 2. Nf3 d6 3. Bb5+ Bd7 4. Bxd7+ Qxd7 5. O-O Nc6 6. c3 Nf6 7. Re1 g6 8.
d4 cxd4 9. cxd4 Bg7 10. Nc3 O-O 11. Bf4 Rac8 12. Qd2 Rfe8 13. Rac1 a6 14. d5
Na7 15. Qd3 Nb5 16. Nxb5 Qxb5 17. Qxb5 axb5 18. Bd2 Rxc1 19. Bxc1 Rc8 20. Nd2
Bh6 21. f3 Nd7 22. Nb3 Bg7 23. Re2 Ne5 24. Be3 Nd3 25. Nd4 Bxd4 26. g3 Bxe3+
27. Rxe3 Nxb2 28. Rb3 Rc1+ 29. Kg2 Rc2+ 30. Kf1 Nc4 31. Rxb5 Rxa2 32. Rxb7 Kf8
33. f4 Nd2+ 34. Ke2 Nxe4+ 35. Kf3 Nc3 0-1

[Event "43. Olimpiada Batumi 2018 Femenina"]
[Site "Batumi GEO"]
[Date "2018.09.27"]
[Round "4.4"]
[White "Rinne, Heini"]
[Black "Kim, Yubin"]
[Result "1/2-1/2"]
[WhiteElo "1760"]
[BlackElo "1671"]
[PlyCount "51"]
[EventDate "2018.09.24"]
[EventType "team-swiss"]
[EventRounds "11"]
[EventCountry "GEO"]
[SourceTitle "Ajedrez en Madrid"]
[Source "lmi"]
[SourceDate "2018.09.24"]
[WhiteTeam "Finland"]
[BlackTeam "South Korea"]
[WhiteTeamCountry "FIN"]

1. d4 Nf6 2. c4 e6 3. Nc3 Bb4 4. Qc2 d5 5. a3 Bxc3+ 6. Qxc3 dxc4 7. e3 b6 8.
Bxc4 Bb7 9. Bb5+ Nbd7 10. Bc6 Nd5 11. Qc2 Bxc6 12. Qxc6 O-O 13. Nf3 Ne7 14. Qa4
c5 15. O-O cxd4 16. exd4 Nd5 17. Bg5 N7f6 18. Rac1 Qd7 19. Qa6 Rfc8 20. Ne5 Qe8
21. Rfe1 h6 22. Bh4 Kf8 23. h3 Kg8 24. Kh1 Kf8 25. Kg1 Kg8 26. Kh1 1/2-1/2

[Event "43. Olimpiada Batumi 2018 Femenina"]
[Site "Batumi GEO"]
[Date "2018.09.27"]
[Round "4.1"]
[White "Terao, Juliana Sayumi"]
[Black "Bejatovic, Bojana"]
[Result "1-0"]
[WhiteElo "2255"]
[BlackElo "2057"]
[PlyCount "89"]
[EventDate "2018.09.24"]
[EventType "team-swiss"]
[EventRounds "11"]
[EventCountry "GEO"]
[SourceTitle "Ajedrez en Madrid"]
[Source "lmi"]
[SourceDate "2018.09.24"]
[WhiteTeam "Brazil"]
[BlackTeam "FYR Macedonia"]
[WhiteTeamCountry "BRA"]

1. e4 e5 2. Nf3 Nf6 3. Nc3 Bb4 4. Nxe5 O-O 5. Be2 d6 6. Nd3 Bxc3 7. dxc3 Nxe4
8. O-O Re8 9. Be3 Bf5 10. Re1 Nc6 11. c4 a5 12. a4 Qf6 13. c3 Rad8 14. Nf4 Rd7
15. Nd5 Qd8 16. f3 Nc5 17. f4 Ne7 18. Nxe7+ Rdxe7 19. Bxc5 dxc5 20. Qxd8 Rxd8
21. Bf3 Rxe1+ 22. Rxe1 g6 23. Bxb7 Kf8 24. Re5 Rd1+ 25. Kf2 Rd2+ 26. Ke3 Rxb2
27. Bc6 Rc2 28. Rxc5 Rxc3+ 29. Kd2 Rd3+ 30. Ke2 Rd6 31. Bd5 Ra6 32. Rxc7 f6 33.
Ke3 Bc2 34. Bc6 h5 35. c5 Bb3 36. Kd4 h4 37. Bb5 Ra8 38. Rh7 Bg8 39. Rxh4 Rd8+
40. Kc3 Ke7 41. Rh3 Rd1 42. Re3+ Be6 43. Bc4 Rc1+ 44. Kd3 Rxc4 45. Rxe6+ 1-0

[Event "43. Olimpiada Batumi 2018 Femenina"]
[Site "Batumi GEO"]
[Date "2018.09.27"]
[Round "4.2"]
[White "Koskoska, Gabriela"]
[Black "Alboredo, Julia"]
[Result "1/2-1/2"]
[WhiteElo "2026"]
[BlackElo "2174"]
[PlyCount "186"]
[EventDate "2018.09.24"]
[EventType "team-swiss"]
[EventRounds "11"]
[EventCountry "GEO"]
[SourceTitle "Ajedrez en Madrid"]
[Source "lmi"]
[SourceDate "2018.09.24"]
[WhiteTeam "FYR Macedonia"]
[BlackTeam "Brazil"]
[BlackTeamCountry "BRA"]

1. c4 e5 2. g3 h5 3. Bg2 h4 4. d4 exd4 5. Qxd4 Nc6 6. Qe4+ Be7 7. Bg5 Kf8 8.
Bxe7+ Qxe7 9. Qxe7+ Ngxe7 10. Nc3 a6 11. Nh3 d6 12. Nf4 h3 13. Be4 Be6 14. Ncd5
Rc8 15. b3 g5 16. Nxe7 Kxe7 17. Nd5+ Kf8 18. Ne3 Re8 19. Kd2 Na5 20. f3 b5 21.
cxb5 axb5 22. b4 Nc4+ 23. Nxc4 Bxc4 24. Rhc1 d5 25. Bd3 Rh6 26. a4 Rhe6 27. Re1
Bxd3 28. Kxd3 Re3+ 29. Kd2 bxa4 30. Rxa4 d4 31. Raa1 Ke7 32. Rac1 Kf6 33. Rc6+
Kg7 34. Rcc1 R8e6 35. g4 Kf6 36. b5 Rb3 37. Rxc7 Rxb5 38. Rc4 Rb2+ 39. Rc2 Rb3
40. Rc4 d3 41. e4 Ra6 42. Ke3 Ra2 43. Rc6+ Kg7 44. Rd1 Re2+ 45. Kd4 d2 46. Rc5
Kg6 47. Rc2 Rxh2 48. Rdxd2 Rxd2+ 49. Rxd2 Rxf3 50. Ke5 f6+ 51. Kd5 Rg3 52. Rh2
Rxg4 53. Rxh3 Rg1 54. Rh8 Kg7 55. Ra8 g4 56. e5 f5 57. e6 Re1 58. Ra7+ Kf6 59.
Rf7+ Kg6 60. Rf8 Kg5 61. Kd6 f4 62. Rg8+ Kh4 63. Rh8+ Kg3 64. e7 Rxe7 65. Kxe7
f3 66. Rf8 Kf2 67. Kf6 g3 68. Ke5 g2 69. Ke4 g1=Q 70. Rxf3+ Ke2 71. Rb3 Qc1 72.
Kd4 Qa1+ 73. Kc4 Kd2 74. Rd3+ Kc2 75. Re3 Qa4+ 76. Kd5 Qf4 77. Re4 Qf3 78. Kd4
Kd2 79. Re5 Qd3+ 80. Kc5 Kc3 81. Rd5 Qa6 82. Rd6 Qc4+ 83. Kb6 Kb4 84. Rc6 Qf7
85. Rc7 Qf6+ 86. Ka7 Kb5 87. Rb7+ Ka5 88. Ka8 Qc6 89. Kb8 Ka6 90. Ra7+ Kb5 91.
Rb7+ Ka5 92. Ra7+ Kb6 93. Ra6+ Kxa6 1/2-1/2

[Event "43. Olimpiada Batumi 2018 Femenina"]
[Site "Batumi GEO"]
[Date "2018.09.27"]
[Round "4.3"]
[White "Librelato, Kathie Goulart"]
[Black "Nikolovska, Dragana"]
[Result "1-0"]
[WhiteElo "2110"]
[BlackElo "1856"]
[PlyCount "53"]
[EventDate "2018.09.24"]
[EventType "team-swiss"]
[EventRounds "11"]
[EventCountry "GEO"]
[SourceTitle "Ajedrez en Madrid"]
[Source "lmi"]
[SourceDate "2018.09.24"]
[WhiteTeam "Brazil"]
[BlackTeam "FYR Macedonia"]
[WhiteTeamCountry "BRA"]

1. e4 c5 2. Nf3 d6 3. d4 cxd4 4. Nxd4 Nf6 5. Nc3 g6 6. Be3 Bg7 7. f3 O-O 8. Qd2
Nc6 9. O-O-O Bd7 10. Kb1 Nxd4 11. Bxd4 b5 12. h4 h5 13. Be2 e5 14. Be3 b4 15.
Nb5 Bxb5 16. Bxb5 Qa5 17. Bc4 Rfc8 18. Bb3 Rc6 19. Qe2 Rac8 20. Rd2 a6 21. Rhd1
Bf8 22. Bg1 Qc7 23. g4 Qa5 24. Qg2 Qb5 25. gxh5 Nxh5 26. Qxg6+ Ng7 27. Bxf7+
1-0

[Event "43. Olimpiada Batumi 2018 Femenina"]
[Site "Batumi GEO"]
[Date "2018.09.27"]
[Round "4.4"]
[White "Petrovska, Katerina"]
[Black "Chang, Suzana"]
[Result "1-0"]
[WhiteElo "1966"]
[BlackElo "2037"]
[PlyCount "81"]
[EventDate "2018.09.24"]
[EventType "team-swiss"]
[EventRounds "11"]
[EventCountry "GEO"]
[SourceTitle "Ajedrez en Madrid"]
[Source "lmi"]
[SourceDate "2018.09.24"]
[WhiteTeam "FYR Macedonia"]
[BlackTeam "Brazil"]
[BlackTeamCountry "BRA"]

1. e4 e5 2. Nf3 Nc6 3. Bb5 a6 4. Ba4 Nf6 5. d3 b5 6. Bb3 Be7 7. c3 d6 8. Nbd2
Na5 9. Bc2 c5 10. Nf1 O-O 11. Ng3 Re8 12. O-O Bf8 13. h3 h6 14. Qe2 Qc7 15. Nh4
g6 16. f4 exf4 17. Rxf4 Bg7 18. Qf2 Nh7 19. Rf3 Ng5 20. Re3 Bxh3 21. Nh5 Be6
22. Nxg7 Kxg7 23. Rg3 f6 24. Be3 Rf8 25. b4 Nb7 26. d4 Bc4 27. Nxg6 Kxg6 28.
Qf5+ Kf7 29. Rxg5 hxg5 30. Qh7+ Ke8 31. Qxc7 Nd8 32. Qxd6 cxb4 33. cxb4 Rc8 34.
Bd1 Rc6 35. Bh5+ Bf7 36. Bxf7+ Rxf7 37. Qg3 Rc4 38. e5 Rc3 39. Qe1 Rc4 40. Qg3
Ne6 41. d5 1-0

[Event "43. Olimpiada Batumi 2018 Femenina"]
[Site "Batumi GEO"]
[Date "2018.09.27"]
[Round "4.1"]
[White "Figueroa, Any"]
[Black "Marzouk, Amira"]
[Result "1-0"]
[WhiteElo "1739"]
[BlackElo "1745"]
[PlyCount "97"]
[EventDate "2018.09.24"]
[EventType "team-swiss"]
[EventRounds "11"]
[EventCountry "GEO"]
[SourceTitle "Ajedrez en Madrid"]
[Source "lmi"]
[SourceDate "2018.09.24"]
[WhiteTeam "Honduras"]
[BlackTeam "Tunisia"]
[WhiteTeamCountry "HON"]
[BlackTeamCountry "TUN"]

1. d4 Nf6 2. Nf3 e6 3. g3 Be7 4. Bg2 O-O 5. O-O d6 6. c4 Nbd7 7. Nc3 e5 8. dxe5
dxe5 9. b3 Re8 10. e3 a5 11. Bb2 Bc5 12. Qd2 Qe7 13. Nb5 Bb4 14. Qc2 Qc5 15. a3
Bxa3 16. Bxa3 Qb6 17. Rfd1 Nb8 18. Rd2 Bg4 19. Bb2 Nc6 20. Bc3 Nd7 21. h3 Bxf3
22. Bxf3 Nc5 23. Rad1 Nb4 24. Qb2 e4 25. Be2 Ncd3 26. Bxd3 Nxd3 27. Qa1 f6 28.
Bd4 Qc6 29. Nc3 Qe6 30. Nxe4 Qxe4 31. Rxd3 Qf5 32. Kg2 Rad8 33. R3d2 Qe4+ 34.
Kh2 b6 35. c5 Qe6 36. Qc3 Rd5 37. cxb6 cxb6 38. Qc7 Rb5 39. Qc4 Qxc4 40. bxc4
Rb3 41. Rb2 Rxb2 42. Bxb2 Rc8 43. Bd4 Rxc4 44. Bxb6 Rc2 45. Kg2 Ra2 46. Rd3 a4
47. Bc5 Kf7 48. Kf3 Ke6 49. e4 1-0

[Event "43. Olimpiada Batumi 2018 Femenina"]
[Site "Batumi GEO"]
[Date "2018.09.27"]
[Round "4.2"]
[White "Miladi, Amen"]
[Black "Cruz, Bitia"]
[Result "1-0"]
[WhiteElo "1702"]
[BlackElo "1702"]
[PlyCount "59"]
[EventDate "2018.09.24"]
[EventType "team-swiss"]
[EventRounds "11"]
[EventCountry "GEO"]
[SourceTitle "Ajedrez en Madrid"]
[Source "lmi"]
[SourceDate "2018.09.24"]
[WhiteTeam "Tunisia"]
[BlackTeam "Honduras"]
[WhiteTeamCountry "TUN"]
[BlackTeamCountry "HON"]

1. e4 e5 2. Nf3 Nf6 3. Nxe5 d6 4. Nf3 Nxe4 5. Nc3 Nxc3 6. dxc3 Be6 7. Be3 Be7
8. Bd3 Nd7 9. Qd2 O-O 10. h3 a5 11. g4 Ne5 12. Nxe5 dxe5 13. c4 Qd7 14. O-O-O
Qa4 15. Kb1 Bxc4 16. b3 Bxb3 17. cxb3 Qe8 18. Qc2 a4 19. Bc1 axb3 20. Qxb3 Qc6
21. Bb2 Bd6 22. Rhe1 Rfe8 23. Bb5 Qc5 24. Bxe8 Rxe8 25. f4 e4 26. Qxb7 Bxf4 27.
Rxe4 Rxe4 28. Rd8+ Qf8 29. Rxf8+ Kxf8 30. Qxe4 1-0

[Event "43. Olimpiada Batumi 2018 Femenina"]
[Site "Batumi GEO"]
[Date "2018.09.27"]
[Round "4.3"]
[White "Ortiz, Katherine Berenice"]
[Black "Chihi, Malek"]
[Result "1-0"]
[WhiteElo "1822"]
[BlackElo "1573"]
[PlyCount "103"]
[EventDate "2018.09.24"]
[EventType "team-swiss"]
[EventRounds "11"]
[EventCountry "GEO"]
[SourceTitle "Ajedrez en Madrid"]
[Source "lmi"]
[SourceDate "2018.09.24"]
[WhiteTeam "Honduras"]
[BlackTeam "Tunisia"]
[WhiteTeamCountry "HON"]
[BlackTeamCountry "TUN"]

1. d4 d5 2. e3 Nf6 3. Bd3 e6 4. f4 c5 5. c3 b6 6. Qe2 Ne4 7. Nf3 Bd6 8. O-O Bd7
9. Nbd2 Bc6 10. Ne5 Bxe5 11. fxe5 Qe7 12. Bxe4 dxe4 13. Qg4 Nd7 14. Qxg7 Qf8
15. Qg5 Rg8 16. Qh4 Qg7 17. g3 Qg6 18. Nc4 Rg7 19. Nd6+ Kf8 20. Bd2 Kg8 21. Rf4
Rf8 22. Raf1 Nb8 23. Rf6 Qg5 24. Qxg5 Rxg5 25. Rxf7 Rxf7 26. Rxf7 Rg7 27. Rf4
Nd7 28. Nxe4 Bxe4 29. Rxe4 Kf7 30. Rf4+ Ke7 31. Kf2 Kd8 32. Ke2 Kc7 33. Kd3 Kc6
34. a4 a6 35. b4 cxb4 36. cxb4 Re7 37. Rf1 Kb7 38. e4 Rg7 39. Bc3 Kc6 40. Bb2
Re7 41. Ba3 Rg7 42. Rc1+ Kb7 43. b5 axb5 44. axb5 Rf7 45. Ke3 Rg7 46. Rc6 Rg6
47. Bd6 Ka8 48. Rc7 Rg7 49. d5 exd5 50. exd5 h6 51. e6 Rg5 52. exd7 1-0

[Event "43. Olimpiada Batumi 2018 Femenina"]
[Site "Batumi GEO"]
[Date "2018.09.27"]
[Round "4.4"]
[White "Hilali, Wissal"]
[Black "Garcia, Andrea Nicole"]
[Result "0-1"]
[WhiteElo "1419"]
[BlackElo "1698"]
[PlyCount "90"]
[EventDate "2018.09.24"]
[EventType "team-swiss"]
[EventRounds "11"]
[EventCountry "GEO"]
[SourceTitle "Ajedrez en Madrid"]
[Source "lmi"]
[SourceDate "2018.09.24"]
[WhiteTeam "Tunisia"]
[BlackTeam "Honduras"]
[WhiteTeamCountry "TUN"]
[BlackTeamCountry "HON"]

1. d4 d5 2. Bf4 e6 3. e3 Nf6 4. Nd2 Be7 5. Bd3 Nbd7 6. c4 O-O 7. Ngf3 b6 8. Qc2
h6 9. a3 Ba6 10. Rc1 dxc4 11. Nxc4 Nd5 12. Bg3 f5 13. Nfe5 Nxe5 14. Bxe5 Bxc4
15. Qxc4 c5 16. Qb5 cxd4 17. Bxd4 Qe8 18. Qxe8 Rfxe8 19. O-O Bf6 20. Bxf6 Nxf6
21. Rc6 Kf7 22. Rfc1 Rad8 23. Rc7+ Re7 24. Rxe7+ Kxe7 25. Rc7+ Rd7 26. Rxd7+
Nxd7 27. f3 Nc5 28. Bc2 Kd6 29. Kf2 Kd5 30. b3 g5 31. h3 f4 32. exf4 gxf4 33.
Ke2 Kd4 34. Kd2 Nb7 35. Be4 Nd6 36. Bc2 e5 37. Ke2 Kc3 38. Bd1 Nb5 39. a4 Nd4+
40. Ke1 Nxb3 41. Bxb3 Kxb3 42. Kd2 Kxa4 43. Kd3 b5 44. Ke4 b4 45. Kxe5 b3 0-1

[Event "43. Olimpiada Batumi 2018 Femenina"]
[Site "Batumi GEO"]
[Date "2018.09.27"]
[Round "4.1"]
[White "de Leon, Patricia"]
[Black "Rawan, Eyhab"]
[Result "1-0"]
[WhiteElo "1929"]
[BlackElo "1568"]
[PlyCount "147"]
[EventDate "2018.09.24"]
[EventType "team-swiss"]
[EventRounds "11"]
[EventCountry "GEO"]
[SourceTitle "Ajedrez en Madrid"]
[Source "lmi"]
[SourceDate "2018.09.24"]
[WhiteTeam "Uruguay"]
[BlackTeam "Sudan"]
[WhiteTeamCountry "URU"]
[BlackTeamCountry "SUD"]

1. d4 d5 2. c4 c6 3. cxd5 cxd5 4. Nc3 Nf6 5. Nf3 e6 6. Bf4 Qb6 7. Qc2 Nc6 8. e3
Bd7 9. Be2 Rc8 10. O-O Be7 11. Nd2 O-O 12. Rfc1 Bd8 13. Nb3 Ne4 14. Qd1 Nxc3
15. bxc3 Be7 16. Rab1 Qd8 17. Nc5 Bxc5 18. dxc5 e5 19. Bg3 Bf5 20. Rxb7 Qa5 21.
Qxd5 Be6 22. Qe4 Qxc5 23. Qa4 Qd5 24. c4 Qd2 25. Qc2 Rfd8 26. Rb2 Qxc2 27.
Rcxc2 Na5 28. c5 Nc4 29. Bxc4 Bxc4 30. Rc1 Rxc5 31. Rbc2 Rcd5 32. h3 Bb5 33.
Rc7 a6 34. Re7 f6 35. Rcc7 R5d7 36. Rexd7 Rxd7 37. Rc2 Rd1+ 38. Kh2 Kf7 39. f3
Ke6 40. e4 Ra1 41. Bf2 Bd3 42. Rc3 Rxa2 43. Rxd3 Rxf2 44. Ra3 Rd2 45. Rxa6+ Rd6
46. Ra7 Rd7 47. Ra6+ Rd6 48. Ra8 h6 49. Kg3 Rd2 50. Ra7 Rd7 51. Ra8 Rd2 52. h4
Kf7 53. h5 Ke6 54. Ra7 Rd7 55. Rxd7 Kxd7 56. Kg4 Ke7 57. Kf5 Kf7 58. g3 Ke7 59.
Kg6 Kf8 60. f4 exf4 61. gxf4 Kg8 62. e5 fxe5 63. fxe5 Kf8 64. Kf5 Ke7 65. Ke4
Ke6 66. Kd4 Kf7 67. Kd5 g5 68. hxg6+ Kxg6 69. Kd6 h5 70. e6 h4 71. e7 h3 72.
e8=Q+ Kg5 73. Qe4 Kh5 74. Qf4 1-0

[Event "43. Olimpiada Batumi 2018 Femenina"]
[Site "Batumi GEO"]
[Date "2018.09.27"]
[Round "4.2"]
[White "Rawan, Jamal"]
[Black "Quevedo, Andreina"]
[Result "0-1"]
[WhiteElo "1471"]
[BlackElo "1809"]
[PlyCount "50"]
[EventDate "2018.09.24"]
[EventType "team-swiss"]
[EventRounds "11"]
[EventCountry "GEO"]
[SourceTitle "Ajedrez en Madrid"]
[Source "lmi"]
[SourceDate "2018.09.24"]
[WhiteTeam "Sudan"]
[BlackTeam "Uruguay"]
[WhiteTeamCountry "SUD"]
[BlackTeamCountry "URU"]

1. e4 e5 2. Bc4 Nf6 3. d3 Bc5 4. Nf3 d6 5. a3 c6 6. O-O h6 7. h3 g5 8. b4 Bb6
9. g4 h5 10. Nxg5 d5 11. Bb3 hxg4 12. Kh2 gxh3 13. f3 Nh5 14. f4 Nxf4 15. Bxf4
exf4 16. Nf3 Qf6 17. Nbd2 Qg7 18. Qe2 Qg2+ 19. Qxg2 hxg2+ 20. Kxg2 Bh3+ 21. Kh1
Bxf1+ 22. Nh2 Be2 23. Kg2 Rg8+ 24. Kh3 Rg3+ 25. Kh4 Bd8# 0-1

[Event "43. Olimpiada Batumi 2018 Femenina"]
[Site "Batumi GEO"]
[Date "2018.09.27"]
[Round "4.3"]
[White "Malan, Lucia"]
[Black "Sara, Gadalla Karar"]
[Result "1-0"]
[WhiteElo "1785"]
[BlackElo "1446"]
[PlyCount "50"]
[EventDate "2018.09.24"]
[EventType "team-swiss"]
[EventRounds "11"]
[EventCountry "GEO"]
[SourceTitle "Ajedrez en Madrid"]
[Source "lmi"]
[SourceDate "2018.09.24"]
[WhiteTeam "Uruguay"]
[BlackTeam "Sudan"]
[WhiteTeamCountry "URU"]
[BlackTeamCountry "SUD"]

1. e4 d5 2. exd5 Qxd5 3. Nc3 Qd6 4. Nf3 c6 5. Bc4 h6 6. d3 Nf6 7. Qe2 Bg4 8.
Bxf7+ Kxf7 9. Ne5+ Ke8 10. Nxg4 Nbd7 11. Bd2 Nxg4 12. Qxg4 Nf6 13. Qg6+ Kd8 14.
O-O h5 15. Ne4 Qc7 16. Ng5 Kd7 17. Rfe1 Ng4 18. Qf5+ Ke8 19. Bf4 Qd7 20. Qf7+
Kd8 21. Ne6+ Kc8 22. Nxf8 Rxf8 23. Qxf8+ Qd8 24. Qxg7 Nf6 25. Rxe7 Nd7 1-0

[Event "43. Olimpiada Batumi 2018 Femenina"]
[Site "Batumi GEO"]
[Date "2018.09.27"]
[Round "4.4"]
[White "Mohamed Ahmed, Naiwa"]
[Black "De Leon, Daiana"]
[Result "0-1"]
[WhiteElo "1407"]
[BlackElo "1633"]
[PlyCount "82"]
[EventDate "2018.09.24"]
[EventType "team-swiss"]
[EventRounds "11"]
[EventCountry "GEO"]
[SourceTitle "Ajedrez en Madrid"]
[Source "lmi"]
[SourceDate "2018.09.24"]
[WhiteTeam "Sudan"]
[BlackTeam "Uruguay"]
[WhiteTeamCountry "SUD"]
[BlackTeamCountry "URU"]

1. e4 c6 2. Bc4 d5 3. exd5 cxd5 4. Bb3 Nf6 5. d4 Nc6 6. Nf3 Bg4 7. c3 e6 8. O-O
Bd6 9. h3 Bh5 10. Re1 Qc7 11. Bg5 Ne4 12. Be3 O-O 13. Nbd2 f5 14. Nf1 Rf6 15.
Bc1 Rg6 16. Qd3 Rf8 17. Nh4 Rgf6 18. f3 Ng3 19. Bg5 Nxf1 20. Kxf1 Bg3 21. Bxf6
Rxf6 22. Rxe6 Bxh4 23. Rxf6 Bxf6 24. Bxd5+ Kf8 25. Qxf5 Bg6 26. Qg4 Ne7 27. Be4
h5 28. Qxg6 Nxg6 29. Bxg6 Qh2 30. Re1 Qh1+ 31. Ke2 Qxg2+ 32. Kd1 Qxg6 33. b4
Qd3+ 34. Kc1 Bg5+ 35. Kb2 Qd2+ 36. Kb3 Qxe1 37. d5 Qb1+ 38. Kc4 Qxa2+ 39. Kc5
Ke7 40. c4 Kd7 41. h4 Be3+ 0-1

[Event "43. Olimpiada Batumi 2018 Femenina"]
[Site "Batumi GEO"]
[Date "2018.09.27"]
[Round "4.1"]
[White "Sakai, Azumi"]
[Black "Mencos Castillo, Maria"]
[Result "1/2-1/2"]
[WhiteElo "1713"]
[BlackElo "1888"]
[PlyCount "97"]
[EventDate "2018.09.24"]
[EventType "team-swiss"]
[EventRounds "11"]
[EventCountry "GEO"]
[SourceTitle "Ajedrez en Madrid"]
[Source "lmi"]
[SourceDate "2018.09.24"]
[WhiteTeam "Japan"]
[BlackTeam "Guatemala"]
[WhiteTeamCountry "JPN"]
[BlackTeamCountry "GUA"]

1. d4 d5 2. c4 e6 3. Nc3 Nf6 4. cxd5 exd5 5. Bg5 Nbd7 6. e3 c6 7. Bd3 Be7 8.
Nf3 O-O 9. Qc2 Re8 10. O-O h6 11. Bh4 Nh5 12. Bxe7 Qxe7 13. Rab1 Nhf6 14. b4
Ne4 15. b5 Nxc3 16. Qxc3 c5 17. dxc5 Nxc5 18. Bc2 Ne4 19. Qd4 Bg4 20. Nd2 Be2
21. Rfe1 Nxd2 22. Qxd2 Bc4 23. Bd3 Rac8 24. Bxc4 dxc4 25. Qc3 Red8 26. Red1
Rxd1+ 27. Rxd1 Rd8 28. Rxd8+ Qxd8 29. Qxc4 Qd1+ 30. Qf1 Qc2 31. Qa1 Qc4 32. Qb1
a6 33. bxa6 bxa6 34. h3 Kf8 35. a3 Ke7 36. f3 Kd6 37. Kf2 Kc5 38. Qb2 g6 39.
Ke1 a5 40. Qe5+ Qd5 41. Qb2 Qd3 42. Kf2 Qc4 43. f4 Qd5 44. a4 Qc4 45. Qa3+ Qb4
46. Qa2 Qc4 47. Qa3+ Qb4 48. Qc1+ Qc4 49. Qa3+ 1/2-1/2

[Event "43. Olimpiada Batumi 2018 Femenina"]
[Site "Batumi GEO"]
[Date "2018.09.27"]
[Round "4.2"]
[White "Cruz Lima, Kimberly Esmeralda"]
[Black "Kojima, Natsumi"]
[Result "0-1"]
[WhiteElo "1626"]
[BlackElo "1655"]
[PlyCount "64"]
[EventDate "2018.09.24"]
[EventType "team-swiss"]
[EventRounds "11"]
[EventCountry "GEO"]
[SourceTitle "Ajedrez en Madrid"]
[Source "lmi"]
[SourceDate "2018.09.24"]
[WhiteTeam "Guatemala"]
[BlackTeam "Japan"]
[WhiteTeamCountry "GUA"]
[BlackTeamCountry "JPN"]

1. e4 e5 2. Nf3 Nc6 3. Bb5 a6 4. Ba4 Nf6 5. d3 b5 6. Bb3 Be7 7. c3 d6 8. h3 Na5
9. Bc2 c5 10. b3 Nc6 11. a3 O-O 12. O-O h6 13. Bb2 Re8 14. d4 Qc7 15. dxe5 dxe5
16. Nbd2 Be6 17. Qe2 Nh5 18. c4 Nf4 19. Qe3 Nd4 20. Bb1 Rad8 21. cxb5 axb5 22.
a4 bxa4 23. Rxa4 Rb8 24. Nxd4 cxd4 25. Qf3 Bd6 26. Nc4 Rec8 27. Rc1 Qe7 28. Ra6
Bxc4 29. Rxc4 Rxc4 30. bxc4 Rxb2 31. Ba2 Bc5 32. g3 Nxh3+ 0-1